|
|
|
|
| LEADER |
00000nam a22000007a 4500 |
| 005 |
20201230102954.0 |
| 007 |
co|||| |||| |
| 008 |
201230s2019 br |||||s|||| 00||0 por d |
| 020 |
|
|
|a 978-85-9547-081-1
|
| 035 |
|
|
|a 32541
|
| 040 |
|
|
|a vLex
|
| 090 |
|
|
|c 11028
|d 11028
|
| 100 |
1 |
|
|a Gaio, Daniel
|
| 245 |
1 |
0 |
|a Anais do 3ʻ Congresso Mineiro de Direito Ambiental - Agrotx̤icos
|h [Recurso electrn̤ico] :
|b Impactos Socioambientais e Regulaȯ̂ /
|c Daniel Gaio, Edgar de Souza Mendes, Maria Gabriela de Paula e Silva
|
| 256 |
|
|
|a Servicio en ln̕ea
|
| 260 |
|
|
|a Belo Horizonte:
|b Initia Via Editora,
|c 2019
|
| 300 |
|
|
|a 1 recurso electrn̤ico
|
| 500 |
|
|
|a O 3o Congresso Mineiro de Direito Ambiental foi resultado de esforȯs de uma equipe empenhada e extremamente competente. Nossos sinceros agradecimentos a cada um dos organizadores e colaboradores, que contribur̕am para o sucesso desta terceira ediȯ̂. Na oportunidade, agradecemos tambm̌ aos palestrantes, pela disponibilidade e pelo rico compartilhamento conhecimentos; aos pareceristas, que foram essenciais para a construȯ̂ e elaboraȯ̂ destes Anais. Por fim, expressamos nossa gratidô a todos que compareceram ao evento, a quantidade expressiva de pessoas interessadas em debater assuntos tô caros a nossa sociedade, nos incentiva a dar continuidade nesse projeto.
|
| 506 |
1 |
|
|a Disponible solo en los productos indicados
|d vLex Global
|d vLex Global (Academic Edition, excluding Law Schools)
|d vLex Global (U.S. Academic Edition, Law Schools)
|d vLex Global (U.S. Academic Edition, excluding Law Schools)
|d vLex Global (Academic Edition, Law Schools)
|
| 650 |
0 |
4 |
|a Derecho del Medio Ambiente
|z Brasil
|
| 700 |
1 |
|
|a Mendes, Edgar de Souza
|
| 700 |
1 |
|
|a Paula e Silva, Maria Gabriela de
|
| 740 |
0 |
|
|a vLex Libros (Servicio en ln̕ea)
|
| 856 |
4 |
0 |
|u http://vlex.com/source/anais-do-3-congresso-mineiro-de-direito-ambiental-agrotoxicos-impactos-socioambientais-e-regula-o-32541
|z Acceso restringido
|
| 942 |
|
|
|c BOOK
|
| 999 |
0 |
|
|a Environmental Law
|